[Event "Arctic Chess Challenge"]
[Site "Tromsoe"]
[Date "2007.08.12"]
[Round "9"]
[White "Stubberud, Ornulf A"]
[Black "Johnsen, Sverre"]
[Result "1/2-1/2"]
[WhiteElo "2231"]
[BlackElo "2172"]
[PlyCount "35"]
[EventDate "2007.08.04"]
[EventType "swiss"]
[EventRounds "9"]
[EventCountry "NOR"]
[SourceTitle "CBM 119 Extra"]
[Source "ChessBase"]
[SourceDate "2007.09.04"]
[SourceVersion "1"]
[SourceVersionDate "2007.09.04"]
[SourceQuality "1"]

1. e4 e6 2. d4 d5 3. Nc3 Bb4 4. e5 Qd7 5. Bd2 b6 6. a3 Bf8 7. b4 Bb7 8. f4 c5 9. bxc5 bxc5 10. Nf3 Ba6 11. Bd3 Bxd3 12. cxd3 Nc6 13. dxc5 Bxc5 14. Na4 Be7 15. 0-0 Nh6 16. Qc2 Rc8 17. Rfc1 0-0 18. Qd1 1/2-1/2

[Event "Arctic Chess Challenge"]
[Site "Tromsoe"]
[Date "2007.08.04"]
[Round "8"]
[White "Johnsen, Sverre"]
[Black "Lindsoe, Fredrik Aunan"]
[Result "1-0"]
[WhiteElo "2172"]
[BlackElo "2010"]
[PlyCount "67"]
[EventDate "2007.08.04"]
[EventType "swiss"]
[EventRounds "9"]
[EventCountry "NOR"]
[SourceTitle "CBM 119 Extra"]
[Source "ChessBase"]
[SourceDate "2007.09.04"]
[SourceVersion "1"]
[SourceVersionDate "2007.09.04"]
[SourceQuality "1"]

1. d4 d5 2. c4 dxc4 3. Nf3 Nf6 4. e3 Bg4 5. Bxc4 e6 6. Be2 Nbd7 7. 0-0 Be7 8. Nc3 c5 9. d5 exd5 10. Nxd5 0-0 11. Nxe7+ Qxe7 12. b3 Rfd8 13. Bb2 Rac8 14. Qc2 a6 15. Rfd1 Ne4 16. Bd3 Bxf3 17. gxf3 Qg5+ 18. Kh1 Nef6 19. Rg1 Qh4 20. Rg3 c4 21. bxc4 b5 22. Rag1 g6 23. Qc3 Rc6 24. Qa5 Nh5 25. Rg4 Qe7 26. cxb5 Ne5 27. Re4 Re6 28. Rxe5 Rxe5 29. Bxe5 Rxd3 30. bxa6 Ra3 31. Qb5 f6 32. Qb8+ Kf7 33. Bd6 Qd7 34. Bxa3 1-0

[Event "Belgrade TS04 IM"]
[Site "Belgrade"]
[Date "2001.05.01"]
[Round "11"]
[White "Johnsen, Sverre"]
[Black "Brkljaca, Ante"]
[Result "0-1"]
[WhiteElo "2170"]
[BlackElo "2365"]
[PlyCount "96"]
[EventDate "2001.04.21"]
[EventType "tourn"]
[EventRounds "11"]
[EventCountry "YUG"]
[EventCategory "1"]
[SourceTitle "CBM 082 Extra"]
[Source "ChessBase"]
[SourceDate "2001.07.03"]
[SourceVersion "1"]
[SourceVersionDate "2001.07.03"]
[SourceQuality "1"]

1. e4 e5 2. Nf3 Nc6 3. Bb5 a6 4. Ba4 Nf6 5. Qe2 Be7 6. c3 d6 7. h3 0-0 8. d3 Bd7 9. Bb3 h6 10. Nbd2 Nh7 11. Nf1 Ng5 12. Ne3 Kh8 13. g4 Nxf3+ 14. Qxf3 Bg5 15. Nf5 Bxc1 16. Rxc1 Ne7 17. Nxe7 Qxe7 18. h4 g6 19. Qe3 Kg7 20. g5 h5 21. Kd2 f5 22. gxf6+ Rxf6 23. Rcg1 Raf8 24. Rg2 Bg4 25. Rhh2 Rf4 26. Qa7 Bf3 27. Rg3 Rxh4 28. Rxh4 Qxh4 29. Qxb7 Qf4+ 30. Kc2 Bxe4 31. Qxc7+ Kh6 32. Qb6 Qxf2+ 33. Qxf2 Rxf2+ 34. Kc1 Bg2 35. Be6 g5 36. b4 Bf3 37. a4 g4 38. b5 axb5 39. axb5 h4 40. Rxg4 Bxg4 41. Bxg4 Kg5 42. Be6 Kf6 43. Bc8 Ke7 44. b6 Kd8 45. Be6 Rf6 46. Bd5 Rf1+ 47. Kd2 h3 48. b7 Kc7 0-1

[Event "Belgrade TS04 IM"]
[Site "Belgrade"]
[Date "2001.04.29"]
[Round "9"]
[White "Johnsen, Sverre"]
[Black "Andrijevic, Milan"]
[Result "1/2-1/2"]
[WhiteElo "2170"]
[BlackElo "2365"]
[PlyCount "115"]
[EventDate "2001.04.21"]
[EventType "tourn"]
[EventRounds "11"]
[EventCountry "YUG"]
[EventCategory "1"]
[SourceTitle "CBM 082 Extra"]
[Source "ChessBase"]
[SourceDate "2001.07.03"]
[SourceVersion "1"]
[SourceVersionDate "2001.07.03"]
[SourceQuality "1"]

1. Nf3 Nf6 2. c4 e6 3. d4 d5 4. Nc3 c5 5. e3 cxd4 6. exd4 Be7 7. Bd3 dxc4 8. Bxc4 0-0 9. 0-0 Nc6 10. a3 a6 11. Re1 b5 12. Ba2 Bb7 13. Bg5 b4 14. axb4 Nxb4 15. Bb1 Bxf3 16. gxf3 Nh5 17. Be3 Bd6 18. Ne4 Bf4 19. Ng3 Qg5 20. Be4 Rab8 21. Kg2 Nd5 22. Bxd5 exd5 23. Rxa6 Bxe3 24. fxe3 Rxb2+ 25. Re2 Rfb8 26. Ra2 R2b6 27. Qe1 Nf6 28. Qf2 h5 29. f4 Qh6 30. h4 Ne4 31. Nxe4 dxe4 32. f5 Rb5 33. Qg3 Rc8 34. Rf2 Rb3 35. Rae2 Rcc3 36. Rf4 Qc6 37. f6 g6 38. Rf5 Rc2 39. Rxc2 Qxc2+ 40. Rf2 Qc1 41. Qe5 Qc8 42. Qxe4 Rc3 43. Ra2 Rc6 44. Qf4 Qd8 45. Rf2 Qd5+ 46. Qf3 Qd6 47. d5 Rc4 48. e4 Qe5 49. Qf4 Rxe4 50. Qxe5 Rxe5 51. Ra2 Rxd5 52. Ra8+ Kh7 53. Ra7 Kg8 54. Ra8+ Kh7 55. Ra7 g5 56. Rxf7+ Kg6 57. Rg7+ Kxf6 58. Rxg5 1/2-1/2

[Event "Belgrade TS04 IM"]
[Site "Belgrade"]
[Date "2001.04.21"]
[Round "1"]
[White "Johnsen, Sverre"]
[Black "Vasovski, Nikola"]
[Result "1-0"]
[WhiteElo "2170"]
[BlackElo "2359"]
[PlyCount "127"]
[EventDate "2001.04.21"]
[EventType "tourn"]
[EventRounds "11"]
[EventCountry "YUG"]
[EventCategory "1"]
[SourceTitle "CBM 082 Extra"]
[Source "ChessBase"]
[SourceDate "2001.07.03"]
[SourceVersion "1"]
[SourceVersionDate "2001.07.03"]
[SourceQuality "1"]

1. e4 c5 2. Nc3 Nc6 3. f4 g6 4. Nf3 Bg7 5. a3 d6 6. Bc4 e6 7. d3 Nge7 8. 0-0 0-0 9. Ne2 d5 10. Ba2 b5 11. Qe1 b4 12. a4 Qa5 13. Qh4 dxe4 14. dxe4 c4 15. Ng3 b3 16. cxb3 cxb3 17. Bb1 Qc5+ 18. Kh1 f5 19. Re1 Qc4 20. Nd2 Qb4 21. exf5 exf5 22. Nf3 Ba6 23. Bd2 Qd6 24. Bc3 h6 25. Nf1 Bc4 26. Ne3 Bf7 27. Ne5 Nxe5 28. fxe5 Qd7 29. Rd1 Qc7 30. Bd3 Bxe5 31. Rac1 Bxc3 32. Rxc3 Qe5 33. Qxh6 Rad8 34. Rdc1 Rd7 35. Bb5 Rb7 36. Nc4 Qg7 37. Qxg7+ Kxg7 38. Nd6 Rb6 39. Nxf7 Rxf7 40. Bc4 Rf8 41. Re1 Kf6 42. a5 Rd6 43. Rxb3 Rc8 44. Rc3 Rd2 45. Re6+ Kg5 46. h4+ Kxh4 47. Rxe7 Rxb2 48. Rxa7 f4 49. Rf7 Kg5 50. a6 Rb4 51. a7 Ra4 52. Kg1 Ra8 53. Bd3 R8xa7 54. Rc5+ Kh6 55. Rxa7 Rxa7 56. Rc6 Rg7 57. Kf2 Kh5 58. Kf3 Kg5 59. Rxg6+ Rxg6 60. Bxg6 Kxg6 61. Kxf4 Kf6 62. Kg4 Kg6 63. g3 Kf6 64. Kh5 1-0

[Event "Barcelona Sants op 03rd"]
[Site "Barcelona"]
[Date "2001.??.??"]
[Round "?"]
[White "Amigo Barbera, Francesc"]
[Black "Johnsen, Sverre"]
[Result "0-1"]
[WhiteElo "2019"]
[BlackElo "2170"]
[PlyCount "64"]
[EventDate "2001.08.??"]
[EventType "swiss"]
[EventRounds "9"]
[EventCountry "ESP"]
[SourceTitle "EXT 2005"]
[Source "ChessBase"]
[SourceDate "2004.11.15"]
[SourceVersion "1"]
[SourceVersionDate "2004.11.15"]
[SourceQuality "1"]

1. d4 d6 2. c4 e5 3. dxe5 dxe5 4. Qxd8+ Kxd8 5. Nf3 f6 6. Nc3 c6 7. e4 Be6 8. Be3 Kc7 9. Be2 Nd7 10. 0-0 g6 11. a3 a5 12. Rfd1 Bh6 13. Bxh6 Nxh6 14. Na4 Nf7 15. Nd2 b6 16. b4 Rhd8 17. b5 c5 18. Nc3 f5 19. Nd5+ Bxd5 20. cxd5 Nd6 21. f3 Rf8 22. g3 Rae8 23. a4 Re7 24. Nc4 fxe4 25. fxe4 Ref7 26. Nxd6 Kxd6 27. Rf1 Rxf1+ 28. Bxf1 Rf3 29. Bg2 Rb3 30. Rf1 c4 31. Bh3 c3 32. Bxd7 c2 0-1

[Event "Budapest FS09 IM-A"]
[Site "Budapest"]
[Date "1999.09.11"]
[Round "8"]
[White "Eperjesi, Laszlo"]
[Black "Johnsen, Sverre"]
[Result "1-0"]
[WhiteElo "2381"]
[BlackElo "2211"]
[PlyCount "81"]
[EventDate "1999.09.05"]
[EventType "tourn"]
[EventRounds "12"]
[EventCountry "HUN"]
[EventCategory "3"]
[SourceTitle "EXT 2000"]
[Source "ChessBase"]
[SourceDate "1999.11.16"]
[SourceVersion "1"]
[SourceVersionDate "1999.11.16"]
[SourceQuality "1"]

1. d4 Nf6 2. Nf3 c5 3. d5 d6 4. c4 e5 5. Nc3 Nbd7 6. e4 Be7 7. g3 a6 8. a4 b6 9. Bg2 0-0 10. 0-0 Kh8 11. Ne1 Ng8 12. Nd3 g6 13. f4 Bf6 14. Be3 a5 15. Nb5 Qe7 16. Qd2 Bg7 17. Rae1 Ba6 18. h3 Rac8 19. Na7 Rc7 20. Nc6 Rxc6 21. dxc6 Nb8 22. c7 Qxc7 23. f5 f6 24. h4 Bc8 25. g4 Ne7 26. Bh3 Nbc6 27. Rf2 Nd4 28. Bxd4 cxd4 29. fxg6 hxg6 30. Ref1 Kh7 31. Qe2 Ng8 32. Rh2 Ne7 33. g5 f5 34. h5 Rh8 35. hxg6+ Kxg6 36. exf5+ Bxf5 37. Bxf5+ Nxf5 38. Qe4 Qd7 39. Rhf2 Rf8 40. Ne1 Kxg5 41. Nf3+ 1-0

[Event "Budapest FS09 IM-A"]
[Site "Budapest"]
[Date "1999.09.06"]
[Round "3"]
[White "Johnsen, Sverre"]
[Black "Szuk, Balazs"]
[Result "0-1"]
[WhiteElo "2211"]
[BlackElo "2374"]
[PlyCount "74"]
[EventDate "1999.09.05"]
[EventType "tourn"]
[EventRounds "12"]
[EventCountry "HUN"]
[EventCategory "3"]
[SourceTitle "EXT 2000"]
[Source "ChessBase"]
[SourceDate "1999.11.16"]
[SourceVersion "1"]
[SourceVersionDate "1999.11.16"]
[SourceQuality "1"]

1. d4 Nf6 2. c4 g6 3. e3 Bg7 4. Ne2 0-0 5. b4 d5 6. Nf4 dxc4 7. Bxc4 e5 8. Ne2 exd4 9. Nxd4 Nc6 10. 0-0 Nxb4 11. Qb3 c5 12. Ba3 a5 13. Nb5 Ne4 14. N1c3 Nd2 15. Rad1 Nxb3 16. Rxd8 Rxd8 17. axb3 Bf5 18. Na4 Rac8 19. Na7 Rc7 20. Nb5 Rc6 21. Na7 Rcd6 22. Nxc5 Nc2 23. Nb5 Rd1 24. Nxb7 Rxf1+ 25. Kxf1 Bd3+ 26. Bxd3 Rxd3 27. Nc5 Rd1+ 28. Ke2 Ra1 29. Bc1 Rxc1 30. Kd2 Rf1 31. Kxc2 Rxf2+ 32. Kd3 Rxg2 33. Nb7 Bf8 34. Nxa5 Rg5 35. Kc4 Rc5+ 36. Kb4 Rc1+ 37. Ka4 Ra1+ 0-1

[Event "NOR-ch op"]
[Site "Gausdal"]
[Date "1999.??.??"]
[Round "8"]
[White "Johnsen, Sverre"]
[Black "Gausel, Einar"]
[Result "0-1"]
[WhiteElo "2214"]
[BlackElo "2525"]
[PlyCount "71"]
[EventDate "1999.04.??"]
[EventType "swiss"]
[EventRounds "9"]
[EventCountry "NOR"]
[SourceTitle "CBM 070 Extra"]
[Source "ChessBase"]
[SourceDate "1999.07.10"]
[SourceVersion "1"]
[SourceVersionDate "1999.07.10"]
[SourceQuality "1"]

1. d4 d5 2. c4 dxc4 3. Nf3 Nf6 4. Na3 Bg4 5. Ne5 Bh5 6. Naxc4 e6 7. Qb3 Qd5 8. f3 b5 9. e4 Nxe4 10. fxe4 Qxe4+ 11. Qe3 Bb4+ 12. Bd2 Bxd2+ 13. Kxd2 Qd5 14. Na3 a6 15. Bd3 Qxg2+ 16. Kc3 Bg6 17. Rhg1 Qb7 18. Nc2 Nd7 19. Rxg6 hxg6 20. Nxf7 Qc6+ 21. Kb3 Qd5+ 22. Kc3 Kxf7 23. Nb4 Qd6 24. Qe4 Nf6 25. Qxg6+ Kf8 26. Rf1 e5 27. Nd5 exd4+ 28. Kc2 Rxh2+ 29. Kb1 Qxd5 30. Be4 Qh5 31. Qg3 Re8 32. Bg6 Qe2 33. Qa3+ Re7 34. Bd3 b4 35. Qb3 Qxf1+ 36. Bxf1 0-1

[Event "Stavanger op"]
[Site "Stavanger"]
[Date "1998.12.28"]
[Round "5"]
[White "Johnsen, Sverre"]
[Black "Ferkingstad, Sjur"]
[Result "1/2-1/2"]
[WhiteElo "2200"]
[BlackElo "2075"]
[PlyCount "187"]
[EventDate "1998.12.??"]
[EventType "swiss"]
[EventRounds "9"]
[EventCountry "NOR"]
[SourceTitle "EXT 2000"]
[Source "ChessBase"]
[SourceDate "1999.11.16"]
[SourceVersion "1"]
[SourceVersionDate "1999.11.16"]
[SourceQuality "1"]

1. d4 f5 2. Nf3 Nf6 3. h3 g6 4. g4 d6 5. Nc3 Bg7 6. Bf4 c6 7. gxf5 Bxf5 8. Nh4 Be6 9. e4 Nh5 10. Be3 Nd7 11. Be2 Nhf6 12. Nf3 c5 13. d5 Bf7 14. Ng5 a6 15. Nxf7 Kxf7 16. a4 Qa5 17. Bd2 Qb4 18. Bg4 Ne5 19. Be6+ Ke8 20. 0-0 Nxe4 21. Be1 Nxc3 22. Bxc3 Qf4 23. f3 Rf8 24. Qe2 Qg3+ 25. Kh1 Qf4 26. a5 Bh8 27. b3 Kd8 28. Ra4 Qh6 29. Re4 Bf6 30. b4 Nd7 31. Bd2 Qg7 32. Rb1 Rb8 33. Be3 Bd4 34. Bg5 Bf6 35. Be3 Bd4 36. Re1 Bxe3 37. Qxe3 Nf6 38. Rc4 Nd7 39. Bxd7 Kxd7 40. bxc5 dxc5 41. Qe6+ Ke8 42. Rce4 Qf6 43. Qxe7+ Qxe7 44. Rxe7+ Kd8 45. Rxh7 b6 46. Ree7 b5 47. Rd7+ Kc8 48. Rc7+ Kd8 49. Kg2 c4 50. c3 b4 51. cxb4 Rxb4 52. d6 Rb2+ 53. Kg1 Rb1+ 54. Kf2 Rb3 55. Rhd7+ Ke8 56. Re7+ Kd8 57. Re3 Rf5 58. Rxc4 Rxe3 59. Kxe3 Rxa5 60. Rc6 Kd7 61. Rb6 Ra4 62. f4 Ra3+ 63. Ke4 Rxh3 64. Rxa6 Rh5 65. Kf3 Rf5 66. Kg4 Rb5 67. Kh4 Rh5+ 68. Kg4 Rb5 69. Ra7+ Kxd6 70. Rg7 Ke6 71. Rxg6+ Kf7 72. Ra6 Rc5 73. Ra4 Kf6 74. Ra6+ Kf7 75. Ra7+ Kf6 76. Ra8 Kf7 77. Ra6 Rb5 78. f5 Rb1 79. Ra4 Rg1+ 80. Kf4 Rf1+ 81. Kg5 Rg1+ 82. Kf4 Rf1+ 83. Ke5 Re1+ 84. Re4 Rxe4+ 85. Kxe4 Kf6 86. Kf4 Kf7 87. Ke5 Ke7 88. Kf4 Kf7 89. Kg5 Kg7 90. f6+ Kf7 91. Kf5 Kf8 92. Ke6 Ke8 93. f7+ Kf8 94. Kf6 1/2-1/2

[Event "Stavanger op"]
[Site "Stavanger"]
[Date "1998.12.27"]
[Round "3"]
[White "Johnsen, Sverre"]
[Black "Stohl, Igor"]
[Result "0-1"]
[WhiteElo "2200"]
[BlackElo "2540"]
[PlyCount "38"]
[EventDate "1998.12.??"]
[EventType "swiss"]
[EventRounds "9"]
[EventCountry "NOR"]
[SourceTitle "EXT 2000"]
[Source "ChessBase"]
[SourceDate "1999.11.16"]
[SourceVersion "1"]
[SourceVersionDate "1999.11.16"]
[SourceQuality "1"]

1. Nc3 c5 2. Nf3 Nf6 3. d4 cxd4 4. Qxd4 Nc6 5. Qh4 e6 6. e4 d6 7. Bg5 a6 8. 0-0-0 Bd7 9. Bd3 Be7 10. g4 h6 11. Rhg1 Rf8 12. Bxf6 Bxf6 13. g5 hxg5 14. Nxg5 Qa5 15. Qg3 Bxc3 16. bxc3 0-0-0 17. Qxd6 Qxc3 18. Nf3 Nb4 19. Kb1 Ba4 0-1